[Event "Kimry-ch 60th"]
[Site "Kimry"]
[Date "2012.01.06"]
[Round "8"]
[White "Sherbakova, Elena"]
[Black "Atamyradova, Zheren"]
[Result "1/2-1/2"]
[WhiteElo "1862"]
[BlackElo "1497"]
[PlyCount "51"]
[EventDate "2012.01.02"]
[EventType "swiss"]
[EventRounds "9"]
[EventCountry "RUS"]
[SourceTitle "CBM 146 Extra"]
[Source "ChessBase"]
[SourceDate "2012.02.29"]
[SourceVersion "1"]
[SourceVersionDate "2012.02.29"]
[SourceQuality "1"]

1. d4 Nf6 2. c4 e6 3. Nf3 Bb4+ 4. Bd2 Bxd2+ 5. Nbxd2 0-0 6. g3 b6 7. Bg2 Bb7 8. 0-0 d5 9. Ne5 Nbd7 10. Qc2 Nxe5 11. dxe5 Ng4 12. Nf3 dxc4 13. Qxc4 Bxf3 14. exf3 Nxe5 15. Qc3 Ng6 16. Rfd1 Qe7 17. Qc6 Rad8 18. f4 Rxd1+ 19. Rxd1 Rd8 20. Rc1 h6 21. Bf1 a5 22. b3 Kf8 23. Qxc7 Qxc7 24. Rxc7 Rb8 25. Bb5 Rd8 26. Rc6 1/2-1/2

[Event "Kimry op Jan"]
[Site "Kimry"]
[Date "2011.01.03"]
[Round "2"]
[White "Sherbakova, Elena"]
[Black "Malkov, Gleb"]
[Result "0-1"]
[WhiteElo "1899"]
[BlackElo "1658"]
[PlyCount "74"]
[EventDate "2011.01.02"]
[EventType "swiss"]
[EventRounds "9"]
[EventCountry "RUS"]
[SourceTitle "CBM 140 Extra"]
[Source "ChessBase"]
[SourceDate "2011.03.01"]
[SourceVersion "1"]
[SourceVersionDate "2011.03.01"]
[SourceQuality "1"]

1. e4 c5 2. c3 Nc6 3. Nf3 d6 4. Be2 Nf6 5. d3 e6 6. 0-0 Be7 7. Na3 0-0 8. Nc2 Bd7 9. h3 Rc8 10. Nh2 Re8 11. Bf4 d5 12. e5 Qb6 13. Qd2 Nxe5 14. Bxe5 Red8 15. Ne3 Ne8 16. Kh1 Bd6 17. f4 Be7 18. f5 f6 19. fxe6 Qxe6 20. Bg3 Nd6 21. Bg4 Qf7 22. Rae1 Bxg4 23. Nhxg4 Rf8 24. Nxd5 Qxd5 25. Rxe7 c4 26. Rd1 Nf5 27. dxc4 Qxd2 28. Rxd2 Nxe7 29. Rd7 Nf5 30. Bf2 Rxc4 31. Rxb7 Rd8 32. Ne3 Nxe3 33. Bxe3 a6 34. Bd4 Rcc8 35. g4 Rb8 36. Ra7 Rxb2 37. Rxa6 Re8 0-1

[Event "Kimry Autumn"]
[Site "Kimry"]
[Date "2010.08.29"]
[Round "2"]
[White "Sherbakova, Elena"]
[Black "Chernyaev, Vladimir"]
[Result "1-0"]
[WhiteElo "1914"]
[BlackElo "1769"]
[PlyCount "69"]
[EventDate "2010.08.29"]
[EventType "swiss"]
[EventRounds "7"]
[EventCountry "RUS"]
[SourceTitle "EXT 2022"]
[Source "ChessBase"]
[SourceDate "2021.10.06"]
[SourceVersion "1"]
[SourceVersionDate "2021.10.06"]
[SourceQuality "1"]

1. e4 c5 2. c3 Nf6 3. e5 Nd5 4. Nf3 d6 5. Bc4 dxe5 6. Nxe5 Be6 7. Na3 a6 8. Nc2 Qd6 9. d4 b5 10. Bxd5 Qxd5 11. Ne3 Qd6 12. 0-0 cxd4 13. Qxd4 Qxd4 14. cxd4 f6 15. d5 fxe5 16. dxe6 Nc6 17. Nd5 0-0-0 18. Nb6+ Kb7 19. Be3 Nd4 20. Bxd4 Rxd4 21. Nd7 Rd6 22. Nxe5 Rxe6 23. Nf7 g6 24. Nxh8 Rf6 25. Rad1 Kc7 26. Rc1+ Kd7 27. Rfd1+ Ke6 28. Rc6+ Ke5 29. Rxf6 Kxf6 30. Nxg6 hxg6 31. Rd8 Bg7 32. b3 a5 33. Ra8 a4 34. bxa4 bxa4 35. Rxa4 1-0

[Event "Kimry Winter op 41st"]
[Site "Kimry"]
[Date "2008.11.15"]
[Round "1"]
[White "Sherbakova, Elena"]
[Black "Chernyaev, Vladimir"]
[Result "1/2-1/2"]
[WhiteElo "1973"]
[BlackElo "1853"]
[PlyCount "61"]
[EventDate "2008.11.15"]
[EventType "swiss"]
[EventRounds "7"]
[EventCountry "RUS"]
[SourceTitle "EXT 2022"]
[Source "ChessBase"]
[SourceDate "2021.10.06"]
[SourceVersion "1"]
[SourceVersionDate "2021.10.06"]
[SourceQuality "1"]

1. e4 c5 2. Nf3 e6 3. d4 cxd4 4. Nxd4 Nf6 5. Bd3 Bc5 6. c3 d6 7. 0-0 0-0 8. Bg5 Nbd7 9. Nd2 Qb6 10. N2b3 h6 11. Be3 e5 12. Nxc5 dxc5 13. Nb3 Qc7 14. c4 b6 15. f3 Bb7 16. Qc2 Rad8 17. a4 Nb8 18. a5 Na6 19. Rfd1 Nb4 20. Qc3 Nxd3 21. Rxd3 Rxd3 22. Qxd3 Rd8 23. Qc3 Qc8 24. axb6 axb6 25. Qxe5 Rd3 26. Bxh6 gxh6 27. Qxf6 Rxb3 28. Qxh6 Qd8 29. h4 Qd4+ 30. Kh1 Rxb2 31. Qg5+ 1/2-1/2

[Event "Kimry-ch"]
[Site "Kimry"]
[Date "2008.01.04"]
[Round "4"]
[White "Sherbakova, Elena"]
[Black "Bik Mukhamedov, Mikhail"]
[Result "1/2-1/2"]
[WhiteElo "2004"]
[BlackElo "1831"]
[PlyCount "71"]
[EventDate "2008.01.02"]
[EventType "swiss"]
[EventRounds "9"]
[EventCountry "RUS"]
[SourceTitle "CBM 122 Extra"]
[Source "ChessBase"]
[SourceDate "2008.03.04"]
[SourceVersion "1"]
[SourceVersionDate "2008.03.04"]
[SourceQuality "1"]

1. d4 d5 2. c4 c6 3. Nf3 e6 4. a4 Bd6 5. Nc3 f5 6. Bg5 Nf6 7. e3 0-0 8. g3 Qc7 9. c5 Be7 10. Bf4 Qa5 11. Ne5 Nbd7 12. Nxd7 Bxd7 13. f3 Bd8 14. Qc2 Bc7 15. Bd3 Bxf4 16. gxf4 Be8 17. Kf2 Nd7 18. Rhg1 Rf6 19. Rg3 Rg6 20. Rag1 Rb8 21. h4 Bf7 22. e4 fxe4 23. fxe4 Rxg3 24. Rxg3 b6 25. cxb6 Qxb6 26. Ne2 Bh5 27. e5 g6 28. Ke3 c5 29. Bb5 Bxe2 30. Bxd7 Bc4 31. Rxg6+ hxg6 32. Qxg6+ Kf8 33. Qf6+ Kg8 34. Bxe6+ Kh7 35. Bf5+ Kg8 36. Be6+ 1/2-1/2